000 01101nmm a2200313 a 4500
001 ocm0001916565
003 TR-IsHL
005 20201028174257.0
008 180918s2016 tu tur
007 cr cn
020 _a9786059121750
035 _a1916565
_b(N$T)
050 0 4 _aDR569
_b.C53 2016
090 0 4 _aDR569
_b.C53 2016
100 1 _aÇibir, Şaban
245 1 0 _aHain tuzak: Sultan I. Abdülaziz ve Sultan V. Murat: "pehlivan"
_h[electronic resource] /
_cŞaban Çibir ; editör ; Merve Balkış
250 _a1. Basım
260 _aİstanbul :
_bParola Yayınları,
_c2016
300 _a119 p.
650 4 _aTarih
650 4 _aHistory
650 0 _aAbdülaziz, Osmanlı Padişahı, 1861-1876
650 0 _aMurad V
_x Türk Sultanları, 1840-1905
650 0 _aSultanlar
_x Türkiye
_x Biyografi
650 0 _aTürkiye
_x Tarih
_x Abdülaziz, 1861-1876
650 7 _aHISTORY / Middle East / Turkey & Ottoman Empire
_2bisacsh
700 1 _aBalkış, Merve
856 4 0 _uhttp://search.ebscohost.com/login.aspx?direct=true&scope=site&db=e011xww&AN=1916565
999 _c18063
_d18063